| 000 | 00582nam a2200181 a 4500 | ||
|---|---|---|---|
| 005 | 20140412111309.0 | ||
| 008 | 010404s19uu xx 00 eng d | ||
| 020 | _a0-916119-89-0 | ||
| 050 |
_aTR(PS E _bFi587 1995 |
||
| 100 | _aWilliams, Rozanne Lanczak | ||
| 245 |
_aFive little monsters / _cwritten by Rozanne Lanczak Williams; illustrated by Kathleen Dunne. |
||
| 260 |
_aCypress, CA : _bCreative Teaching Press, _c1995. |
||
| 300 | _a16 p. ; ill. | ||
| 440 | _aRead to Learn-Learn to Read | ||
| 500 | _aEmergent Reader Level II | ||
| 650 | _aMath series | ||
| 999 |
_c103903 _d103903 |
||